000 00743nam a2200241 i 4500
001 C2-0067737
003 PPAK
005 20190630222124.0
008 970311s1995 nyua|||| ||||| | eng d
020 _a0823040984
040 _aPPAK
_beng
_cPPAK
_erda
082 0 4 _a745.2022
_223
090 0 0 _a745.2022
_bTRU
_dR
100 1 _aTrudeau, Norman,
_eauthor
245 1 0 _aProfessional modelmaking :
_ba handbook of techniques and materials for architects and designers
264 1 _aNew York :
_bWhitney Library of Design ,
_c1995
300 _a176 pages :
_bcolour illustrations ;
_c27 cm
336 _2rdacontent
_atext
337 _2rdamedia
_aunmediated
338 _2rdacarrier
_avolume
650 1 0 _aEngineering models
942 _ddc
_cB
999 _c7659
_d7659